| 000 | 01342 a2200229 4500 | ||
|---|---|---|---|
| 001 | 55408 | ||
| 005 | 20260407155828.0 | ||
| 008 | 260407a1973 arg spa d | ||
| 003 | AR-UNSa-BCEJYS | ||
| 040 |
_aAR-UNSa-BCEJYS _bspa _cAR-UNSa-BCEJYS |
||
| 080 |
_a339.92 _xCooperación económica internacional. Integración económica internacional |
||
| 245 | 1 | 0 | _aMéxico y la integración económica de América Latina |
| 264 | 1 |
_aBuenos Aires : _bBID/INTAL (Banco Interamericano de Desarrollo. Instituto para la integración de América Latina) _c1973 |
|
| 300 |
_a313 p. _c22 cm. |
||
| 505 | _a1. El marco sociopolítico y el proceso de decisión de la política económica en México - 2. Estructura y desarrollo de la economía de México - 3. México frente a la ALALC y los otros mecanismos latinoamericanos de integración económica - 4. Organización mexicana para la integración - 5. La política comercial de México - 6. México y la liberación del comercio internacional de la ALALC - 7. México y la cooperación financiera latinoamericana - 8. El comercio de México con la ALALC y Centroamérica - 9. Sector industrial - 10. Sector agropecuario; 11. Infraestructura | ||
| 041 | _aspa | ||
| 942 | _cBK | ||
| 590 | _aniveau_biblio:m niveau_hierar:0 | ||
| 100 | 1 | _aKönig, Wolfgang | |
| 650 | _aALALC | ||
| 650 | _a alalc | ||
| 999 |
_c5941 _d5941 |
||